The administrative component of organisations and the ratchel - effects (Record no. 14532)

000 -LEADER
fixed length control field 00465pab a2200157 454500
008 - FIXED-LENGTH DATA ELEMENTS--GENERAL INFORMATION
fixed length control field 180718b1987 xxu||||| |||| 00| 0 eng d
100 ## - MAIN ENTRY--PERSONAL NAME
Personal name Montanari, John R.
245 ## - TITLE STATEMENT
Title The administrative component of organisations and the ratchel - effects
Remainder of title A critique of cross sectional studies
260 ## - PUBLICATION, DISTRIBUTION, ETC.
Date of publication, distribution, etc. 1987
300 ## - PHYSICAL DESCRIPTION
Extent 113-23
362 ## - DATES OF PUBLICATION AND/OR SEQUENTIAL DESIGNATION
Dates of publication and/or sequential designation Mar.
650 ## - SUBJECT ADDED ENTRY--TOPICAL TERM
Topical term or geographic name entry element Organisation
700 ## - ADDED ENTRY--PERSONAL NAME
Personal name Philip J. Adelman
773 ## - HOST ITEM ENTRY
Main entry heading Journal of Management Studies
909 ## -
-- 14532
Holdings
Withdrawn status Lost status Damaged status Not for loan Permanent Location Current Location Date acquired Serial Enumeration / chronology Barcode Date last seen Price effective from Koha item type
        Indian Institute of Public Administration Indian Institute of Public Administration 2018-07-19 Volume no: 24, Issue no: 2 AR14575 2018-07-19 2018-07-19 Articles

Powered by Koha